Elementos de geografía universal y particular de México : (Record no. 18933)
[ view plain ]
| 000 -CABECERA | |
|---|---|
| campo de control de longitud fija | 00935nam a2200277 a 4500 |
| 003 - IDENTIFICADOR DEL NÚMERO DE CONTROL | |
| campo de control | MX-MxUPN |
| 005 - FECHA Y HORA DE LA ÚLTIMA TRANSACCIÓN | |
| campo de control | 20250114153312.0 |
| 008 - ELEMENTOS DE LONGITUD FIJA--INFORMACIÓN GENERAL | |
| campo de control de longitud fija | 991125s1911 mx ab br 001 0 spa d |
| 035 ## - NÚMERO DE CONTROL DEL SISTEMA | |
| Número de control de sistema | UPN01000018933 |
| 040 ## - FUENTE DE LA CATALOGACIÓN | |
| Centro catalogador/agencia de origen | MX-MxUPN |
| Lengua de catalogación | spa |
| Centro/agencia transcriptor | MX-MxUPN |
| 041 ## - CÓDIGO DE IDIOMA | |
| Código de lengua del texto/banda sonora o título independiente | spa |
| 050 #4 - SIGNATURA TOPOGRÁFICA DE LA BIBLIOTECA DEL CONGRESO | |
| Número de clasificación | LB1583 M6.4 |
| Número de documento/Ítem | P33 1911 |
| 100 1# - ASIENTO PRINCIPAL--NOMBRE PERSONAL | |
| Nombre de persona | Paluzie, Esteban, |
| Fechas asociadas al nombre | 1806-1873 |
| 9 (RLIN) | 52268 |
| 245 10 - MENCIÓN DE TÍTULO | |
| Título | Elementos de geografía universal y particular de México : |
| Resto del título | para uso de los alumnos del cuarto año de las escuelas primarias |
| 246 14 - FORMA VARIANTE DE TÍTULO | |
| Título propio/Titulo breve | Elementos de geografía |
| 250 ## - MENCIÓN DE EDICIÓN | |
| Mención de edición | Novena edición |
| 260 ## - PUBLICACIÓN, DISTRIBUCIÓN, ETC. | |
| Lugar de publicación, distribución, etc. | México : |
| Nombre del editor, distribuidor, etc. | Herrero Hemanos sucesores, |
| Fecha de publicación, distribución, etc. | 1911. |
| 300 ## - DESCRIPCIÓN FÍSICA | |
| Extensión | 279 páginas : |
| Otras características físicas | ilustraciones, mapas |
| 504 ## - NOTA DE BIBLIOGRAFÍA, ETC. | |
| Nota de bibliografía, etc. | Incluye índice. |
| 650 #4 - ASIENTO SECUNDARIO DE MATERIA - TERMINO TEMATICO | |
| Término de materia o nombre geográfico como elemento de entrada | Geografía |
| Subdivisión general | Estudio y enseñanza (Elemental) |
| 9 (RLIN) | 2801 |
| 650 #4 - ASIENTO SECUNDARIO DE MATERIA - TERMINO TEMATICO | |
| Término de materia o nombre geográfico como elemento de entrada | Geografía |
| 9 (RLIN) | 24506 |
| Subdivisión de forma | Libros de texto |
| 902 ## - ELEMENTOS DE DATOS B LOCAL, LDB (RLIN) | |
| Modificó | MaríaRObles/070624 |
| 904 ## - ELEMENTOS DE DATOS D LOCAL, LDD (RLIN) | |
| a | AC |
| b | 018934 |
| 905 ## - TIPO DE MATERIAL | |
| Tipo de material | Libro |
| 942 ## - ELEMENTOS DE PUNTO DE ACCESO ADICIONAL (KOHA) | |
| Fuente del sistema de clasificación o colocación | Library of Congress Classification |
| Tipo de ítem Koha | Libro |
| Suprimir en OPAC | No |
| Estado de retiro | Estado de pérdida | Fuente del sistema de clasificación o colocación | Estado dañado | No para préstamo | Código de colección | Localización permanente | Ubicación/localización actual | Ubicación en estantería | Fecha de adquisición | Clasificación | Código de barras | Fecha visto por última vez | Tipo de ítem Koha | Nota pública |
|---|---|---|---|---|---|---|---|---|---|---|---|---|---|---|
| Library of Congress Classification | Disponible (Préstamo en sala) | Libros de texto | Bib. Gregorio Torres Quintero | Bib. Gregorio Torres Quintero | Colecciones especiales Planta alta | 18/11/2022 | LB1583 M6.4 P33 1911 | 122715 | 31/12/2020 | Libro | Ejemplar con sello del Sistema de Bibliotecas para la Formación y Actualización de Docentes y con nota manuscrita |
